00461nam a2200169Ia 4500003000400000005001700004008004100021020001500062040000900077082001900086100002300105245003800128260005700166300000900223942004400232999001500276OSt20201014131620.0190216s9999||||xx |||||||||||||| ||und|| a8122413404 coclc a658.404bNAG/P aNagarajan, K91546 0aProject Management /cK Nagarajan bNew Age International Publishers,c2003,aNew Delhi: a508p cBK2ddch658.404iNAG/Pk658.404mNAG/P c6452d6452